000 00906nam a22002654a 4500
008
020 _a0672318989 (pbk. )
049 _aMAIN
090 0 _aHF5548.32 WAL
100 1 _aWalther, Stephen.
245 1 0 _aSams teach yourself E-Commerce programming with ASP in 21 days /
_cStephen Walther, Jonathan Levine.
246 3 0 _aTeach yourself E-Commerce programming with ASP in 21 days.
260 _aIndianapolis :
_bSams,
_c2000.
300 _axiii, 603 p. :
_bill. ;
_c24 cm.
500 _aIncludes index.
538 _aSystem requires Windows NT or Windows 2000 with Internet Information Server installed.
650 0 _aElectronic commerce.
630 0 0 _aActive server pages.
700 1 _aLevine, Jonathan.
907 _a.b10246769
_b13-07-07
_c30-05-07
003
005 20230123134453.0
040 _cNUST
942 _cBOOKS
_kHF5548.32 WAL
999 _c166487
_d166487